[Event "4NCL 2019-20"]
[Site "Daventry"]
[Date "2020.02.08"]
[Round "5"]
[White "McClement, Andrew"]
[Black "McPhillips, Joseph"]
[Result "1-0"]
[WhiteElo "2215"]
[BlackElo "2434"]
[Annotator "NA"]
[PlyCount "79"]
[EventDate "2020.01.11"]
[EventCountry "ENG"]
[SourceTitle "playchess.com"]
[Source "ChessBase"]
[SourceQuality "1"]
[TimeControl "40/6000:3000+30"]

1. Nf3 {[%emt 0:00:00]} Nf6 {[%emt 0:02:40]} 2. c4 {[%emt 0:00:00]} g6 {[%emt 0:00:00]} 3. g3 {[%emt 0:00:00]} Bg7 {[%emt 0:00:00]} 4. Bg2 {[%emt 0:00:00]} O-O {[%emt 0:00:00]} 5. O-O {[%emt 0:00:00]} d6 {[%emt 0:00:00]} 6. Nc3 {[%emt 0:00:00]} e5 {[%emt 0:00:00]} 7. d3 {[%emt 0:00:00]} Nc6 {[%emt 0:00:00]} 8. Rb1 {[%emt 0:00:00]} a5 {[%emt 0:00:00]} 9. a3 {[%emt 0:00:00]} Re8 {[%emt 0:00:00]} 10. Bg5 {[%emt 0:00:00]} h6 {[%emt 0:00:00]} 11. Bxf6 {[%emt 0:00:00]} Bxf6 {[%emt 0:00:00]} 12. b4 {[%emt 0:00:00]} axb4 {[%emt 0:00:00]} 13. axb4 {[%emt 0:00:00]} Bg7 {[%emt 0:00:00]} 14. b5 {[%emt 0:00:00]} Ne7 {[%emt 0:00:00]} 15. Qb3 {[%emt 0:00:00]} Be6 {[%emt 0:00:00]} 16. Nd2 {[%emt 0:00:00]} c6 {[%emt 0:00:00]} 17. Ra1 {[%emt 0:01:21] A26: English Opening vs King's Indian with ...Nc6 and d3.} Rxa1 {[%emt 0:00:00]} 18. Rxa1 {[%emt 0:00:00]} d5 {[%emt 0:00:00]} 19. bxc6 {[%emt 0:00:49]} bxc6 {[%emt 0:00:00] [#]} 20. Ra7 $146 {[%emt 0:00:35] [#]} (20. Rc1 $11 {remains equal.}) ({Predecessor:} 20. Ra6 e4 21. dxe4 dxc4 22. Qc2 Qd4 23. Ndb1 Rb8 24. Bf1 Rb3 25. Nd1 c3 26. e3 {0-1 (41) Berg,K (2375)-Hebden,M Silkeborg 1983}) 20... e4 $1 {[%emt 0:00:00]} 21. cxd5 {[%emt 0:02:42]} cxd5 {[%emt 0:00:00]} 22. Nb5 {[%emt 0:04:25] [#]} e3 $1 {[%emt 0:05:48]} 23. fxe3 {[%emt 0:04:48]} Qb6 {[%emt 0:00:00]} 24. d4 $17 {[%emt 0:04:45]} Nf5 {[%emt 0:09:03]} 25. Bxd5 {[%emt 0:51:07]} Rb8 {[%emt 0:04:51]} 26. Bxe6 {[%emt 0:01:52]} fxe6 {[%emt 0:00:00]} 27. Rc7 {[%emt 0:02:57]} Qa6 {[%emt 0:39:59]} 28. Rc5 {[%emt 0:00:31]} Nxd4 {[%emt 0:01:31]} 29. exd4 {[%emt 0:00:33]} Bxd4+ {[%emt 0:00:07]} 30. Nxd4 {[%emt 0:00:00]} Rxb3 {[%emt 0:01:46]} 31. N2xb3 {[%emt 0:00:00]} Qa2 {[%emt 0:00:00]} 32. Re5 {[%emt 0:00:00]} Kf7 {[%emt 0:00:32]} 33. Rxe6 {[%emt 0:00:00]} h5 {[%emt 0:00:00]} 34. Re3 {[%emt 0:00:00]} g5 {[%emt 0:00:00]} 35. Re5 {[%emt 0:06:00]} Kf6 {[%emt 0:00:00]} 36. Re6+ {[%emt 0:00:00]} Kg7 {[%emt 0:00:38]} 37. Nf5+ {[%emt 0:00:03]} Kf7 {[%emt 0:00:00]} 38. Nbd4 {[%emt 0:00:30]} h4 {[%emt 0:00:00]} 39. gxh4 {[%emt 0:00:50]} gxh4 {[%emt 0:00:00]} 40. Rh6 {[%emt 0:00:00]} 1-0

[Event "4NCL 2019-20"]
[Site "Daventry"]
[Date "2020.02.08"]
[Round "5"]
[White "Dong, Bao Nghia"]
[Black "Kanyamarala, Trisha"]
[Result "1/2-1/2"]
[WhiteElo "2209"]
[BlackElo "2299"]
[Annotator "ChessBase"]
[PlyCount "91"]
[EventDate "2020.01.11"]
[EventCountry "ENG"]
[SourceTitle "playchess.com"]
[Source "ChessBase"]
[SourceQuality "1"]
[TimeControl "40/6000:3000+30"]

1. d4 {[%emt 0:00:10]} Nf6 {[%emt 0:00:00]} 2. h3 {[%emt 0:00:00]} d5 {[%emt 0:00:42]} 3. c4 {[%emt 0:00:00]} e6 {[%emt 0:04:21]} 4. Bg5 {[%emt 0:00:00]} Bb4+ {[%emt 0:04:45]} 5. Nc3 {[%emt 0:00:00]} h6 {[%emt 0:04:25]} 6. Bxf6 {[%emt 0:00:00]} Qxf6 {[%emt 0:00:00]} 7. e3 {[%emt 0:00:04]} dxc4 {[%emt 0:13:50]} 8. Bxc4 {[%emt 0:00:06]} c5 {[%emt 0:02:55]} 9. Nge2 {[%emt 0:00:36]} cxd4 {[%emt 0:04:47]} 10. Bb5+ {[%emt 0:03:40]} Bd7 11. Bxd7+ {[%emt 0:00:05]} Nxd7 {[%emt 0:05:13]} 12. exd4 {[%emt 0:00:00]} Nb6 {[%emt 0:05:41]} 13. Qb3 {[%emt 0:00:59]} Qe7 {[%emt 0:02:48]} 14. O-O {[%emt 0:00:15]} O-O {[%emt 0:02:26]} 15. Nf4 Bd6 {[%emt 0:00:00]} 16. Nd3 Rfd8 {[%emt 0:00:00]} 17. Rfe1 Qf6 {[%emt 0:00:00]} 18. Re4 Rac8 {[%emt 0:00:00]} 19. a4 Rd7 {[%emt 0:00:00]} 20. Rae1 Bb8 {[%emt 0:00:00]} 21. a5 Nc4 {[%emt 0:00:00]} 22. d5 Nd2 {[%emt 0:00:00]} 23. Qb5 Nxe4 {[%emt 0:00:00]} 24. Qxd7 Rd8 {[%emt 0:00:00]} 25. Nxe4 Rxd7 {[%emt 0:00:00]} 26. Nxf6+ gxf6 {[%emt 0:00:00]} 27. dxe6 fxe6 {[%emt 0:00:00]} 28. Nc5 Rd2 {[%emt 0:00:00]} 29. b4 Rb2 {[%emt 0:00:00]} 30. Nd3 Rb3 {[%emt 0:00:00]} 31. Rxe6 Kf7 {[%emt 0:00:00]} 32. Re3 Rb1+ {[%emt 0:00:00]} 33. Re1 Rb3 {[%emt 0:00:00]} 34. Rd1 b6 {[%emt 0:00:00]} 35. f4 bxa5 {[%emt 0:00:00]} 36. bxa5 Ra3 {[%emt 0:00:00]} 37. Kf1 Rxa5 {[%emt 0:00:00]} 38. Rb1 Bd6 {[%emt 0:00:00]} 39. Rb7+ Ke6 {[%emt 0:00:00]} 40. g4 Kd5 {[%emt 0:00:00]} 41. Rf7 Ra1+ {[%emt 0:50:30]} 42. Ke2 Ra2+ {[%emt 0:00:30]} 43. Kf3 Ra3 {[%emt 0:00:30]} 44. Ke2 Ra2+ {[%emt 0:00:30]} 45. Kf3 Ra3 {[%emt 0:00:30]} 46. Ke2 1/2-1/2

[Event "4NCL 2019-20"]
[Site "Daventry"]
[Date "2020.02.08"]
[Round "5"]
[White "Stewart, Ashley"]
[Black "Harvey, Marcus R"]
[Result "0-1"]
[WhiteElo "2152"]
[BlackElo "2419"]
[Annotator "ChessBase"]
[PlyCount "104"]
[EventDate "2020.01.11"]
[EventCountry "ENG"]
[SourceTitle "playchess.com"]
[Source "ChessBase"]
[SourceQuality "1"]
[TimeControl "40/6000:3000+30"]

1. c4 {[%emt 0:00:00]} e6 {[%emt 0:08:28]} 2. g3 {[%emt 0:00:00]} d5 {[%emt 0:00:00]} 3. Bg2 {[%emt 0:00:00]} dxc4 {[%emt 0:02:29]} 4. Qa4+ {[%emt 0:00:00]} Nd7 {[%emt 0:00:00]} 5. Qxc4 {[%emt 0:00:00]} c5 {[%emt 0:00:09]} 6. Qb3 {[%emt 0:01:29]} Bd6 {[%emt 0:07:34]} 7. Nf3 {[%emt 0:00:48]} e5 {[%emt 0:03:18]} 8. d3 {[%emt 0:00:09]} Ngf6 {[%emt 0:01:50]} 9. a4 {[%emt 0:05:13]} O-O {[%emt 0:00:03]} 10. Na3 {[%emt 0:03:20]} h6 {[%emt 0:01:03]} 11. O-O {[%emt 0:02:55]} Re8 {[%emt 0:01:05]} 12. Nd2 {[%emt 0:06:03]} Nf8 {[%emt 0:01:13]} 13. Ndc4 {[%emt 0:01:13]} Ne6 {[%emt 0:09:37]} 14. e3 {[%emt 0:06:25]} Bc7 {[%emt 0:18:48]} 15. Nb5 {[%emt 0:00:12]} Qe7 {[%emt 0:09:30]} 16. Bd2 {[%emt 0:07:25]} Rd8 {[%emt 0:01:11]} 17. Rfd1 {[%emt 0:06:08]} Bb8 {[%emt 0:05:07]} 18. a5 {[%emt 0:13:32]} Ng5 {[%emt 0:00:00]} 19. a6 {[%emt 0:07:16]} e4 {[%emt 0:00:57]} 20. dxe4 {[%emt 0:02:42]} Nfxe4 {[%emt 0:03:45]} 21. Ba5 {[%emt 0:04:58]} b6 {[%emt 0:00:00]} 22. Rxd8+ {[%emt 0:09:16]} Qxd8 {[%emt 0:00:00]} 23. Be1 {[%emt 0:00:00]} Bg4 {[%emt 0:00:54]} 24. Nc3 {[%emt 0:02:20]} Qd3 {[%emt 0:02:50]} 25. Rd1 {[%emt 0:12:48]} Bxd1 {[%emt 0:00:35]} 26. Qxd1 {[%emt 0:00:00]} Qxd1 {[%emt 0:04:26]} 27. Nxd1 {[%emt 0:00:00]} Bc7 {[%emt 0:00:00]} 28. Nc3 {[%emt 0:00:22]} Re8 {[%emt 0:00:00]} 29. Nb5 {[%emt 0:00:51]} Bb8 {[%emt 0:00:00]} 30. h4 {[%emt 0:00:38]} Nh7 {[%emt 0:00:00]} 31. b4 {[%emt 0:01:09]} cxb4 {[%emt 0:00:28]} 32. Bxb4 {[%emt 0:00:00]} Nc5 {[%emt 0:00:47]} 33. Ncd6 {[%emt 0:00:07]} Bxd6 {[%emt 0:00:00]} 34. Nxd6 {[%emt 0:00:00]} Re6 {[%emt 0:02:09]} 35. Nc8 {[%emt 0:00:07]} Nxa6 {[%emt 0:00:00]} 36. Bc3 {[%emt 0:00:00]} Nf6 {[%emt 0:01:23]} 37. Nxa7 {[%emt 0:00:15]} Nc5 {[%emt 0:00:57]} 38. Nb5 {[%emt 0:01:27]} Nfe4 {[%emt 0:00:00]} 39. Bd4 {[%emt 0:00:00]} Re8 {[%emt 0:01:41]} 40. Bf3 {[%emt 0:00:16]} Rd8 {[%emt 0:04:40]} 41. Kg2 {[%emt 0:04:19]} Nd6 {[%emt 0:01:09]} 42. Nc3 {[%emt 0:03:12]} Nf5 {[%emt 0:00:34]} 43. Be5 {[%emt 0:01:52]} Nd3 {[%emt 0:00:08]} 44. Be4 {[%emt 0:03:26]} Nxh4+ {[%emt 0:00:55]} 45. gxh4 {[%emt 0:00:42]} Nxe5 {[%emt 0:00:07]} 46. Nb5 {[%emt 0:00:41]} Rd2 {[%emt 0:00:20]} 47. Kg3 {[%emt 0:00:20]} Nd3 {[%emt 0:00:07]} 48. f4 {[%emt 0:01:08]} Nc5 {[%emt 0:00:25]} 49. Bc6 {[%emt 0:01:04]} g6 {[%emt 0:00:29]} 50. Nd4 {[%emt 0:00:29]} Ne6 {[%emt 0:00:18]} 51. Nb5 {[%emt 0:00:25]} Ng7 {[%emt 0:00:18]} 52. e4 {[%emt 0:00:20]} Rd3+ {[%emt 0:00:07]} 0-1

[Event "4NCL 2019-20"]
[Site "Daventry"]
[Date "2020.02.08"]
[Round "5"]
[White "Bremner, Adam"]
[Black "Thorarinsson, Pall A."]
[Result "1-0"]
[WhiteElo "2148"]
[BlackElo "2185"]
[Annotator "ChessBase"]
[PlyCount "41"]
[EventDate "2020.01.11"]
[EventCountry "ENG"]
[SourceTitle "playchess.com"]
[Source "ChessBase"]
[SourceQuality "1"]
[TimeControl "40/6000:3000+30"]

1. d4 g6 2. Nf3 {[%emt 0:00:16]} Bg7 {[%emt 0:00:27]} 3. g3 {[%emt 0:02:13]} f5 {[%emt 0:03:09]} 4. Bg2 {[%emt 0:00:08]} Nf6 {[%emt 0:00:22]} 5. O-O {[%emt 0:00:09]} O-O {[%emt 0:00:27]} 6. c4 {[%emt 0:00:39]} d6 {[%emt 0:01:04]} 7. Nc3 {[%emt 0:00:07]} Nc6 {[%emt 0:14:51]} 8. d5 {[%emt 0:00:17]} Ne5 {[%emt 0:00:09]} 9. Nxe5 {[%emt 0:00:07]} dxe5 {[%emt 0:00:04]} 10. c5 {[%emt 0:00:55]} b6 {[%emt 0:34:13]} 11. b4 a5 12. d6 {[%emt 0:07:53]} e4 {[%emt 0:02:34]} 13. Bf4 axb4 14. Nd5 exd6 15. cxb6 cxb6 16. Rc1 Ra5 17. Rxc8 Rxd5 18. Rxd8 Rxd8 19. Qb3 Kh8 20. Bg5 Rd4 21. Qb2 1-0

[Event "4NCL 2019-20"]
[Site "Daventry"]
[Date "2020.02.08"]
[Round "5"]
[White "Murray, David"]
[Black "Makkar, Rajat"]
[Result "1-0"]
[WhiteElo "2145"]
[BlackElo "2179"]
[Annotator "ChessBase"]
[PlyCount "81"]
[EventDate "2020.01.11"]
[EventCountry "ENG"]
[SourceTitle "playchess.com"]
[Source "ChessBase"]
[SourceQuality "1"]
[TimeControl "40/6000:3000+30"]

1. e4 {[%emt 0:00:00]} e5 {[%emt 0:00:00]} 2. Bc4 {[%emt 0:00:00]} Nf6 {[%emt 0:00:00]} 3. d3 {[%emt 0:00:00]} c6 {[%emt 0:00:00]} 4. Qe2 {[%emt 0:00:56]} Bb4+ {[%emt 0:03:30]} 5. c3 {[%emt 0:01:30]} Be7 {[%emt 0:01:15]} 6. Nf3 {[%emt 0:01:38]} d6 {[%emt 0:00:52]} 7. d4 {[%emt 0:03:08]} exd4 {[%emt 0:00:53]} 8. cxd4 {[%emt 0:00:42]} Nxe4 {[%emt 0:07:01]} 9. Qxe4 {[%emt 0:00:10]} d5 {[%emt 0:00:18]} 10. Qe5 {[%emt 0:02:24]} dxc4 {[%emt 0:02:34]} 11. Qxg7 {[%emt 0:03:01]} Bf6 {[%emt 0:00:53]} 12. Qh6 {[%emt 0:04:54]} Qe7+ 13. Be3 {[%emt 0:04:30]} Bf5 {[%emt 0:08:24]} 14. O-O {[%emt 0:04:33]} Nd7 {[%emt 0:01:28]} 15. Nc3 {[%emt 0:02:57]} Rg8 {[%emt 0:04:30]} 16. Rfe1 O-O-O 17. d5 Bxc3 18. bxc3 Be4 19. Bg5 f6 20. dxc6 Nc5 21. Qh3+ Kb8 22. Bf4+ Ka8 23. Bg3 Qf7 24. c7 Rd7 25. Nd4 f5 26. f3 f4 27. Bh4 Bd5 28. Re7 Be6 29. Rxe6 Nxe6 30. Nxe6 Rd2 31. Re1 a6 32. Bd8 Qd7 33. Ng5 Rxd8 34. Qxd7 R2xd7 35. cxd8=Q+ Rxd8 36. Ne4 b5 37. Re2 Rd3 38. Rd2 Re3 39. Kf2 a5 40. g3 b4 {[%emt 0:00:00]} 41. gxf4 1-0

[Event "4NCL 2019-20"]
[Site "Daventry"]
[Date "2020.02.08"]
[Round "5"]
[White "Quinn, John M"]
[Black "Chow, Samuel"]
[Result "0-1"]
[WhiteElo "2139"]
[BlackElo "2317"]
[Annotator "ChessBase"]
[PlyCount "70"]
[EventDate "2020.01.11"]
[EventCountry "ENG"]
[SourceTitle "playchess.com"]
[Source "ChessBase"]
[SourceQuality "1"]
[TimeControl "40/6000:3000+30"]

1. d4 {[%emt 0:00:00]} Nf6 {[%emt 0:00:00]} 2. c4 {[%emt 0:00:00]} g6 {[%emt 0:00:00]} 3. Nc3 {[%emt 0:00:00]} d5 {[%emt 0:00:00]} 4. Nf3 {[%emt 0:00:00]} Bg7 {[%emt 0:00:00]} 5. Qb3 {[%emt 0:00:00]} dxc4 {[%emt 0:00:00]} 6. Qxc4 {[%emt 0:00:00]} Be6 {[%emt 0:00:00]} 7. Qb5+ {[%emt 0:00:12]} Bd7 {[%emt 0:00:00]} 8. Qd3 {[%emt 0:00:00]} c5 {[%emt 0:00:00]} 9. d5 {[%emt 0:01:27]} b5 {[%emt 0:00:00]} 10. e4 {[%emt 0:07:32]} b4 {[%emt 0:00:00]} 11. Nd1 {[%emt 0:03:19]} O-O {[%emt 0:18:49]} 12. Ne3 {[%emt 0:06:47]} e6 {[%emt 0:11:59]} 13. Be2 {[%emt 0:14:27]} Bc8 {[%emt 0:04:45]} 14. dxe6 {[%emt 0:11:45]} Bxe6 {[%emt 0:00:01]} 15. Ng5 {[%emt 0:00:09]} Qxd3 16. Bxd3 {[%emt 0:00:00]} Nc6 {[%emt 0:04:07]} 17. Nxe6 {[%emt 0:06:34]} fxe6 {[%emt 0:00:00]} 18. Bc4 {[%emt 0:00:00]} Nd4 {[%emt 0:00:16]} 19. f3 {[%emt 0:04:35]} Nd7 {[%emt 0:00:00]} 20. O-O {[%emt 0:02:42]} a5 {[%emt 0:08:48]} 21. Rd1 {[%emt 0:05:24]} Ne5 {[%emt 0:08:32]} 22. Bf1 {[%emt 0:01:02]} Rad8 {[%emt 0:02:20]} 23. Kh1 {[%emt 0:01:58]} b3 {[%emt 0:05:52]} 24. f4 {[%emt 0:09:48]} Nc2 {[%emt 0:09:11]} 25. Rxd8 {[%emt 0:12:00]} Rxd8 {[%emt 0:00:00]} 26. fxe5 {[%emt 0:01:04]} Nxa1 {[%emt 0:00:00]} 27. Bc4 {[%emt 0:00:00]} Kf7 {[%emt 0:04:14]} 28. axb3 {[%emt 0:00:20]} Bxe5 {[%emt 0:00:00]} 29. g3 {[%emt 0:00:51]} h5 {[%emt 0:03:20]} 30. Kg2 {[%emt 0:00:33]} Rb8 {[%emt 0:00:00]} 31. Nd1 {[%emt 0:03:57]} Nxb3 {[%emt 0:00:37]} 32. Be3 {[%emt 0:00:00]} a4 {[%emt 0:00:00]} 33. Kf2 {[%emt 0:02:19]} Bxb2 {[%emt 0:02:41]} 34. Nxb2 {[%emt 0:00:00]} a3 {[%emt 0:00:00]} 35. Bxb3 {[%emt 0:00:28]} Rxb3 {[%emt 0:00:00]} 0-1

[Event "4NCL 2019-20"]
[Site "Daventry"]
[Date "2020.02.08"]
[Round "5"]
[White "Ledger, Dave J"]
[Black "Eggleston, David J"]
[Result "1/2-1/2"]
[WhiteElo "2135"]
[BlackElo "2396"]
[Annotator "ChessBase"]
[PlyCount "123"]
[EventDate "2020.01.11"]
[EventCountry "ENG"]
[SourceTitle "playchess.com"]
[Source "ChessBase"]
[SourceQuality "1"]
[TimeControl "40/6000:3000+30"]

1. e4 {[%emt 0:00:00]} e6 {[%emt 0:00:00]} 2. d4 {[%emt 0:00:00]} d5 {[%emt 0:00:00]} 3. Nc3 {[%emt 0:00:00]} Nf6 {[%emt 0:00:00]} 4. e5 {[%emt 0:00:00]} Nfd7 {[%emt 0:00:00]} 5. f4 {[%emt 0:00:00]} c5 {[%emt 0:00:00]} 6. Nf3 {[%emt 0:00:00]} Nc6 {[%emt 0:00:00]} 7. Be3 {[%emt 0:00:00]} Be7 {[%emt 0:00:00]} 8. Qd2 {[%emt 0:00:11]} O-O {[%emt 0:00:00]} 9. dxc5 {[%emt 0:00:51]} Bxc5 {[%emt 0:00:00]} 10. Nd4 {[%emt 0:01:20]} a6 {[%emt 0:00:00]} 11. O-O-O {[%emt 0:01:14]} Nxd4 {[%emt 0:02:25]} 12. Bxd4 {[%emt 0:00:00]} b5 {[%emt 0:00:00]} 13. Qf2 {[%emt 0:02:11]} Qc7 {[%emt 0:05:38]} 14. Bd3 {[%emt 0:03:29]} b4 {[%emt 0:06:36]} 15. Na4 {[%emt 0:09:06]} Bxd4 {[%emt 0:00:28]} 16. Qxd4 {[%emt 0:00:00]} a5 {[%emt 0:00:00]} 17. Rhe1 {[%emt 0:01:48]} Ba6 {[%emt 0:01:11]} 18. Re2 {[%emt 0:07:26]} Rfc8 {[%emt 0:05:04]} 19. b3 {[%emt 0:03:50]} Qb7 {[%emt 0:05:17]} 20. f5 {[%emt 0:07:03]} exf5 {[%emt 0:04:13]} 21. e6 {[%emt 0:04:43]} fxe6 {[%emt 0:06:53]} 22. Rxe6 {[%emt 0:00:07]} Bxd3 {[%emt 0:01:26]} 23. Qxd3 {[%emt 0:09:44]} Nc5 {[%emt 0:07:03]} 24. Nxc5 {[%emt 0:06:08]} Rxc5 {[%emt 0:00:46]} 25. Rde1 {[%emt 0:03:41]} Qf7 {[%emt 0:06:25]} 26. Re7 {[%emt 0:11:15]} Qf6 {[%emt 0:06:52]} 27. Kb1 {[%emt 0:01:08]} h6 {[%emt 0:09:14]} 28. R1e6 {[%emt 0:13:52]} Qg5 {[%emt 0:07:05]} 29. Qd4 {[%emt 0:03:52]} Rac8 {[%emt 0:00:23]} 30. Re8+ {[%emt 0:03:05]} Kh7 {[%emt 0:00:52]} 31. Rxc8 {[%emt 0:00:30]} Rxc8 {[%emt 0:00:07]} 32. Qxd5 {[%emt 0:01:07]} Rd8 {[%emt 0:00:06]} 33. Qf3 {[%emt 0:00:29]} Rd2 {[%emt 0:07:28]} 34. h4 {[%emt 0:01:11]} Qg4 {[%emt 0:00:16]} 35. Qxg4 {[%emt 0:00:20]} fxg4 36. g3 {[%emt 0:00:10]} Rg2 {[%emt 0:02:13]} 37. Re3 {[%emt 0:00:04]} h5 {[%emt 0:00:53]} 38. c4 {[%emt 0:01:14]} bxc3 {[%emt 0:00:30]} 39. Rxc3 {[%emt 0:00:05]} g5 {[%emt 0:12:00]} 40. hxg5 {[%emt 0:00:15]} Kg6 {[%emt 0:00:27]} 41. a3 {[%emt 0:04:55]} Rf2 {[%emt 0:07:48]} 42. Kc1 {[%emt 0:08:02]} Rf5 {[%emt 0:04:49]} 43. b4 {[%emt 0:01:22]} axb4 {[%emt 0:01:05]} 44. axb4 {[%emt 0:00:04]} h4 {[%emt 0:18:38]} 45. gxh4 {[%emt 0:05:13]} Kh5 46. Kb2 {[%emt 0:13:00]} Kxh4 {[%emt 0:01:29]} 47. g6 {[%emt 0:00:16]} Rg5 {[%emt 0:01:13]} 48. Kb3 {[%emt 0:00:28]} g3 {[%emt 0:07:53]} 49. Rc1 {[%emt 0:00:28]} g2 {[%emt 0:00:20]} 50. Kc4 {[%emt 0:00:53]} g1=Q {[%emt 0:03:20]} 51. Rxg1 {[%emt 0:00:03]} Rxg1 {[%emt 0:00:04]} 52. b5 {[%emt 0:01:00]} Kh5 {[%emt 0:00:41]} 53. g7 {[%emt 0:01:03]} Kh6 {[%emt 0:02:31]} 54. Kc5 {[%emt 0:00:26]} Kxg7 {[%emt 0:00:07]} 55. b6 {[%emt 0:00:03]} Kf7 {[%emt 0:00:42]} 56. b7 {[%emt 0:00:19]} Rb1 {[%emt 0:00:05]} 57. Kc6 {[%emt 0:00:03]} Ke7 {[%emt 0:00:22]} 58. Kc7 {[%emt 0:00:04]} Rc1+ {[%emt 0:00:15]} 59. Kb6 {[%emt 0:00:03]} Kd7 {[%emt 0:00:35]} 60. b8=Q {[%emt 0:00:09]} Rb1+ {[%emt 0:01:15]} 61. Ka7 {[%emt 0:00:02]} Rxb8 {[%emt 0:00:06]} 62. Kxb8 {[%emt 0:00:01]} 1/2-1/2

[Event "4NCL 2019-20"]
[Site "Daventry"]
[Date "2020.02.08"]
[Round "5"]
[White "Walton, Alan J"]
[Black "Suarez Real, Alberto"]
[Result "0-1"]
[WhiteElo "2123"]
[BlackElo "2449"]
[Annotator "ChessBase"]
[PlyCount "52"]
[EventDate "2020.01.11"]
[EventCountry "ENG"]
[SourceTitle "playchess.com"]
[Source "ChessBase"]
[SourceQuality "1"]
[TimeControl "40/6000:3000+30"]

1. d4 {[%emt 0:00:00]} Nf6 {[%emt 0:00:31]} 2. Bg5 {[%emt 0:00:00]} d5 {[%emt 0:00:29]} 3. e3 {[%emt 0:00:37]} c5 {[%emt 0:01:14]} 4. c3 {[%emt 0:01:06]} Nc6 {[%emt 0:02:30]} 5. Nf3 {[%emt 0:02:52]} Qb6 {[%emt 0:01:13]} 6. Qb3 {[%emt 0:07:38]} c4 {[%emt 0:02:06]} 7. Qxb6 {[%emt 0:12:39]} axb6 {[%emt 0:00:00]} 8. Nbd2 {[%emt 0:06:33]} b5 {[%emt 0:07:14]} 9. Ne5 {[%emt 0:16:35]} Nxe5 {[%emt 0:39:31]} 10. dxe5 {[%emt 0:00:00]} Nd7 {[%emt 0:00:00]} 11. Nf3 {[%emt 0:03:08]} f6 {[%emt 0:17:31]} 12. Bf4 {[%emt 0:02:36]} b4 {[%emt 0:00:36]} 13. Be2 {[%emt 0:07:08]} bxc3 {[%emt 0:02:17]} 14. bxc3 {[%emt 0:00:00]} Ra3 {[%emt 0:01:11]} 15. exf6 {[%emt 0:01:11]} gxf6 {[%emt 0:01:18]} 16. Rd1 {[%emt 0:03:51]} e5 {[%emt 0:00:46]} 17. Bg3 {[%emt 0:00:01]} Nb6 {[%emt 0:01:17]} 18. O-O {[%emt 0:07:56]} Rxa2 {[%emt 0:12:36]} 19. Rfe1 {[%emt 0:00:22]} Na4 {[%emt 0:00:13]} 20. Nxe5 {[%emt 0:01:34]} Rxe2 {[%emt 0:01:21]} 21. Rxe2 {[%emt 0:00:00]} Nxc3 {[%emt 0:00:00]} 22. Red2 {[%emt 0:00:13]} Nxd1 {[%emt 0:00:00]} 23. Rxd1 {[%emt 0:00:00]} fxe5 {[%emt 0:00:08]} 24. Bxe5 {[%emt 0:00:00]} Rg8 {[%emt 0:00:00]} 25. Rxd5 {[%emt 0:00:00]} Bd7 {[%emt 0:03:01]} 26. g3 {[%emt 0:01:39]} b5 {[%emt 0:00:03]} 0-1

[Event "4NCL 2019-20"]
[Site "Daventry"]
[Date "2020.02.08"]
[Round "5"]
[White "Head, Louise"]
[Black "Jackson, Carl"]
[Result "1-0"]
[WhiteElo "2100"]
[BlackElo "2046"]
[Annotator "ChessBase"]
[PlyCount "51"]
[EventDate "2020.01.11"]
[EventCountry "ENG"]
[SourceTitle "playchess.com"]
[Source "ChessBase"]
[SourceQuality "1"]
[TimeControl "40/6000:3000+30"]

1. d4 {[%emt 0:00:27]} d5 2. c4 {[%emt 0:00:06]} Nc6 3. cxd5 {[%emt 0:00:03]} Qxd5 {[%emt 0:00:02]} 4. e3 {[%emt 0:00:03]} e5 5. Nc3 {[%emt 0:00:03]} Bb4 {[%emt 0:00:02]} 6. Bd2 {[%emt 0:00:01]} Bxc3 {[%emt 0:00:07]} 7. bxc3 {[%emt 0:00:04]} Nf6 {[%emt 0:00:03]} 8. f3 {[%emt 0:00:03]} e4 {[%emt 0:00:01]} 9. c4 {[%emt 0:00:03]} Qd6 {[%emt 0:00:01]} 10. Qb1 {[%emt 0:00:02]} Bf5 {[%emt 0:00:03]} 11. f4 {[%emt 0:00:02]} O-O {[%emt 0:00:02]} 12. Ne2 {[%emt 0:00:02]} Rfe8 {[%emt 0:00:02]} 13. Qb3 {[%emt 0:14:53]} b6 {[%emt 0:00:02]} 14. Ng3 {[%emt 0:00:03]} Bg4 {[%emt 0:00:02]} 15. Bc3 {[%emt 0:00:03]} Nh5 {[%emt 0:00:02]} 16. Nxh5 {[%emt 0:00:03]} Bxh5 {[%emt 0:00:02]} 17. d5 {[%emt 0:00:03]} Ne7 {[%emt 0:00:02]} 18. g4 {[%emt 0:00:02]} Bxg4 {[%emt 0:00:03]} 19. Rg1 {[%emt 0:00:03]} Qd7 {[%emt 0:00:02]} 20. h3 {[%emt 0:00:03]} Bxh3 {[%emt 0:00:04]} 21. Rxg7+ {[%emt 0:00:22]} Kf8 {[%emt 0:00:03]} 22. Rxh7 {[%emt 0:00:03]} Bxf1 {[%emt 0:00:07]} 23. Qb2 {[%emt 0:00:04]} f6 {[%emt 0:00:02]} 24. Bxf6 {[%emt 0:00:03]} Qf5 {[%emt 0:00:05]} 25. Bxe7+ {[%emt 0:00:04]} Rxe7 {[%emt 0:00:05]} 26. Qh8# {[%emt 0:00:06]} 1-0

[Event "4NCL 2019-20"]
[Site "Daventry"]
[Date "2020.02.08"]
[Round "5"]
[White "Freeman, Gordon"]
[Black "Dicu, Dan-Alexandru"]
[Result "1/2-1/2"]
[WhiteElo "2088"]
[BlackElo "2106"]
[Annotator "ChessBase"]
[PlyCount "82"]
[EventDate "2020.01.11"]
[EventCountry "ENG"]
[SourceTitle "playchess.com"]
[Source "ChessBase"]
[SourceQuality "1"]
[TimeControl "40/6000:3000+30"]

1. d4 d5 2. Nf3 e6 3. c4 a6 4. g3 dxc4 5. Bg2 b5 6. a4 Bb7 7. O-O Nd7 8. b3 cxb3 9. Qxb3 Bd5 10. Qc2 c5 11. Nc3 Bc6 12. dxc5 {[%emt 0:11:16]} Ngf6 13. axb5 axb5 14. Bg5 Rxa1 15. Rxa1 Bxc5 16. Bxf6 Qxf6 17. Rb1 b4 18. Na4 Bxa4 19. Qxa4 Ke7 20. Rxb4 Bxb4 21. Qxb4+ Ke8 22. Nd4 Qe7 23. Qa4 Kf8 24. Nc6 Nb6 25. Qf4 e5 26. Nxe5 Nd7 27. Nc6 Qc5 28. Qd2 Nf6 29. Qd8+ Ne8 30. Bd5 Qd6 31. Qa5 g6 32. e4 Kg7 33. e5 Qd7 34. Qc5 Nc7 35. Qd6 Qxd6 36. exd6 Nxd5 37. d7 Kf6 38. d8=Q+ Rxd8 39. Nxd8 Nb4 40. Kg2 Nd3 41. h4 h5 1/2-1/2